000 00429nam a2200193Ia 4500
005 20250603144544.0
008 250603s9999 xx 000 0 und d
020 _a9780495898801
050 _aPE 1112 .C48/
100 _aChoy Penelope
245 0 _aBasic grammar and usage
250 _a8th ed.
260 _a Boston
260 _bWadsworth
260 _c2011
300 _a338 p
650 _a Boston
942 _cBK
999 _c39266
_d39266